| 000 | 00753nam a2200241 u 4500 | ||
|---|---|---|---|
| 001 | 000024840 | ||
| 005 | 20200930023412.0 | ||
| 008 | 110204s1994 sp a r 000 0 spa d | ||
| 020 | _a8477203547 | ||
| 040 |
_aDO-SdBNP _bspa _cBNPHU |
||
| 041 | 1 | 7 |
_aspa _heng _2Código de idiomas MARC |
| 082 |
_ann* _bnn* |
||
| 100 | 1 |
_aRay, Sondra. _944722 |
|
| 240 | 1 | 0 |
_aHow to chic, fabolous and live forever. _lEspañol |
| 245 | 1 | 0 |
_aInmortalidad / _cSondra Ray. |
| 260 |
_aBarcelona : _bObelisco, _c1994. |
||
| 300 |
_a314, [5] p. : _bil. ; _c21 cm. |
||
| 490 | 1 | _aNueva Conscistencia | |
| 534 |
_aTítulo original : _tHow to chic, fabolous and live forever |
||
| 504 | _aBibliografía : 311-314 p. | ||
| 830 | 0 |
_aNueva Conscistencia _950985 |
|
| 049 | _aBNGR | ||
| 999 |
_c24333 _d24333 |
||